000 00381pab a2200157 454500
008 180718b2010 xxu||||| |||| 00| 0 eng d
100 _aPawar, I. Anand
245 _aCollaborations and networking in ODL institutions
260 _c2010
300 _ap.17-24.
362 _a15 Nov
650 _aDistance education
773 _aUniversity News
908 _aN
909 _a89618
999 _c89618
_d89618